000 00377nam a2200145Ia 4500
008 180921t2014 xxu||||| |||| 00| 0 eng d
041 _aeng
080 _a321
_bAVA
245 _aA Valued Partnership for Devolopment
260 _bMinistry of Finance and Planning
_aColombo
_c2014
300 _b83p, 21cm
942 _cBK
999 _c666
_d666
003 LK-CoDNM
040 _aLK-CoDNM
_dLK-CoDNM
_eLK-CoDNM